000 00782nam a22002657a 4500
003 OSt
005 20260424144025.0
008 260424b |||||||| |||| 00| 0 eng d
020 _a978-93-49531-39-0
037 _cReference
040 _aFEDL
_beng
_cFEDL
041 _aeng
_heng
082 _a181.4 SHA/RR
100 _aSharma, Raj Kishore, Ed.
_91235179
245 _aBharatiya economic thought/
_cedited by Raj Kishore Sharma; Deepak Kumar.
260 _aNew Delhi
_bKitbwale
_c2025
300 _a78p.
365 _aINR
_b240.00
490 _vV. 14
650 _aPHILOSOPHY OF INDIA
_91234613
650 _aECONOMICS
700 _aDeepak Kumar,Ed.
_91235688
942 _2ddc
_cREF
_h181.4 SHA/RR
_n0
999 _c1848526
_d1848526